30 Most Populous Countries and Their Largest Cities - Statistics

General Stats
  • This quiz has been taken 1,252 times
  • The average score is 70 of 90
Answer Stats
Hint Answer % Correct
1,376,470,000 China
100%
1,288,730,000 India
99%
323,440,000 United States
99%
206,054,000 Brazil
97%
128,550,560 Mexico
97%
146,544,710 Russia
97%
258,705,000 Indonesia
96%
22,000,000 New York City
96%
81,770,900 Germany
95%
126,480,624 Japan
95%
193,590,650 Pakistan
95%
65,097,000 United Kingdom
95%
26,400,000 Delhi
94%
66,673,000 France
94%
186,988,000 Nigeria
94%
90,945,700 Egypt
92%
17,600,000 Los Angeles
92%
16,900,000 Moscow
92%
39,500,000 Tokyo
92%
160,377,000 Bangladesh
91%
79,227,600 Iran
91%
60,676,361 Italy
91%
14,400,000 London
91%
22,100,000 Mexico City
91%
11,200,000 Paris
91%
12,700,000 Rio de Janeiro
91%
30,900,000 Shanghai
91%
4,500,000 Berlin
90%
28,100,000 Jakarta
90%
54,956,900 South Africa
90%
23,200,000 Mumbai
89%
46,423,064 Spain
89%
78,741,053 Turkey
89%
16,800,000 Cairo
88%
21,800,000 São Paulo
88%
91,700,000 Vietnam
88%
14,300,000 Istanbul
87%
5,450,000 Saint Petersburg
87%
65,292,968 Thailand
87%
85,026,000 D.R. Congo
86%
103,241,500 Philippines
86%
48,654,500 Colombia
85%
6,250,000 Madrid
85%
5,150,000 Milan
85%
50,801,405 South Korea
85%
92,206,005 Ethiopia
84%
17,100,000 Lagos
84%
13,700,000 Tehran
84%
16,900,000 Bangkok
83%
4,625,000 Barcelona
83%
4,675,000 Ankara
82%
17,800,000 Osaka
82%
24,400,000 Seoul
82%
4,125,000 Cape Town
81%
47,700,000 Guangzhou
81%
13,400,000 Johannesburg
81%
23,300,000 Manila
81%
5,150,000 Alexandria
80%
17,600,000 Dhaka
80%
3,125,000 Birmingham
79%
9,350,000 Bogotá
79%
2,950,000 Hanoi
79%
24,300,000 Karachi
79%
1,930,000 Lyon
78%
8,250,000 Ho Chi Minh City
77%
4,250,000 Naples
77%
47,251,000 Kenya
75%
10,600,000 Kinshasa
75%
55,155,000 Tanzania
74%
3,475,000 Addis Ababa
73%
4,850,000 Cologne/Dusseldorf
73%
4,975,000 Guadalajara
70%
10,200,000 Lahore
69%
5,200,000 Nairobi
69%
51,419,420 Burma
68%
3,800,000 Medellín
64%
4,275,000 Busan
60%
5,300,000 Dar es Salaam
57%
4,125,000 Kano
48%
5,150,000 Yangon
48%
4,525,000 Chittagong
45%
5,950,000 Bandung
43%
1,120,000 Mombasa
41%
2,2750,000 Cebu
35%
3,075,000 Mashhad
30%
1,400,000 Mandalay
28%
1,870,000 Lubumbashi
26%
≈1,274,869 Dire Dawa
10%
≈706,543 Mwanza
10%
1,250,000 Chonburi
6%
No matching quizzes found
Score Distribution
Percent of People with Each Score
Percentile by Number Answered
Your Score History
You have not taken this quiz